A precarious game : the illusion of dream jobs in the video game industry
Saved in:
| Main Author: | |
|---|---|
| Format: | Book |
| Language: | English |
| Published: |
Cornell University Press
2020
|
| Tags: |
Add Tag
No Tags, Be the first to tag this record!
|
MARC
| LEADER | 00000nam a22000007a 4500 | ||
|---|---|---|---|
| 008 | 230929b |||||||| |||| 00| 0 eng d | ||
| 020 | |a 9781501746536 | ||
| 100 | |a BULUT, Ergin | ||
| 245 | |a A precarious game |b : the illusion of dream jobs in the video game industry |c / Ergin Bulut |g xii, 205 p | ||
| 260 | |b Cornell University Press |c 2020 |h New York |i 699993 |i 699994 |l HD9993.B87 |m Video game industry-Employees- Job satisfaction- Middle West |m Video game designers -Job satisfaction- Middle West |m Video game industry- Social aspects-Job satisfaction- Middle West |m Ethnology- Middle West | ||
| 500 | |a it includes references and index | ||
| 942 | |a lcc |c BK |e Johnson |f 29/09/23 | ||
| 952 | |0 0 |1 0 |2 lcc |4 0 |6 HD9993 B87 |7 0 |9 4510 |a SSL |b HOL |c GJ |d 2023-09-29 |l 0 |o HD9993.B87 |p 2023-0430 |r 2023-09-29 00:00:00 |t 699993 |w 2023-09-29 |y BK | ||
| 952 | |0 0 |1 0 |2 lcc |4 0 |6 HD9993 B87 |7 0 |9 4511 |a HOL |b HOL |c GJ |d 2023-09-29 |l 0 |o HD9993.B87 |p 2023-0431 |r 2023-09-29 00:00:00 |t 699994 |w 2023-09-29 |y BK | ||
| 999 | |c 2258 |d 2258 | ||